000 01046 a2200217 4500
005 20080910161233.0
008 080910t xxu||||| |||| 00| 0 hin d
010 _aHIN-80510
020 _a8187247126
_c200.00
035 _aHN-52856
037 _bD.B.Act / pub
082 _a181.46
100 _aचाँद, एस.एम.
245 _aस्वामी विवेकानन्दःजीवन और विचार
_cएस.एम.चाँद
246 _aSwami Vivaknand
_bby S.M.Chand
260 _aजयपुर
_bश्याम प्रकाशन
_c2006
270 _aफिल्म कालोनी,चौड़ा रास्ता
_bजयपुर
_e302003
_k0141-2317659
300 _a152पृ
_c22 सेमी(सजिल्द)
942 _adpl
_cHN
_k181.46 / चाँदए
_2ddc
_h181.46
_mचाँदए
999 _c6011
_d6011